000 00476nam a2200181Ia 4500
008 230711s9999||||xx |||||||||||||| ||und||
020 _a978-81-8473-391-4
041 _aENG
082 _a615.1
_bAL-P
100 _aAllen,Loyd V
245 0 _aAnsel Pharmaceutical Dosage and Drug Delivery Systems
250 _a9th Ed.
260 _c2010
_aNew Delhi
_bWolters Kluwer(India) Pvt.Ltd
300 _a710p.
650 _aPharmacy
700 _aPopovich,Nicholas G
942 _cBK
999 _c7245
_d7245